| 000 | 00398nam a22001457a 4500 | ||
|---|---|---|---|
| 008 | 170126b xxu||||| |||| 00| 0 eng d | ||
| 020 | _a0792310764 | ||
| 050 | _aJX1977.A37 Y4(1986 vol.40) | ||
| 245 | _aYearbook of the United Nations 1986. / | ||
| 260 |
_aBoston: _bMartinus Nijijoff; _c1990. |
||
| 300 |
_axiii,1333p.: _c24cm. |
||
| 440 | _vvol.40 | ||
| 500 | _aIncludes Index. | ||
| 942 |
_2lcc _cBK |
||
| 999 |
_c6216 _d13716 |
||